000 00270nam a2200109Ia 4500
008 201223s9999 xx 000 0 und d
100 _aPearson, M. N.
245 0 _aMerchants & Rulers in Gujarat
260 _aNew Delhi
_bMunshiram Manoharlal
300 _a178
942 _cBK
999 _c8525
_d8525